header

Medicinal leech therapy (Record no. 211708)

MARC details
000 -LEADER
fixed length control field 01820nam a2200409Ia 4500
082 04 - DEWEY DECIMAL CLASSIFICATION NUMBER
Classification number 615/.321
245 10 - TITLE STATEMENT
Title Medicinal leech therapy
260 ## - PUBLICATION, DISTRIBUTION, ETC. (IMPRINT)
Place of publication Stuttgart ;
-- New York :
Name of publisher Thieme,
Year of publication c2007.
300 ## - PHYSICAL DESCRIPTION
Number of Pages xi, 178 p. :
Other physical details ill. (some col.)
500 ## - GENERAL NOTE
General note "This book is an authorized and revised translation of the German edition published and copyrighted 2006 by Karl F. Haug Verlag, Stuttgart, Germany. Title of the German edition: Blutegeltherapie."
650 #0 - SUBJECT ADDED ENTRY--TOPICAL TERM
Topical Term Leeches
Topical Term Phlebotomy
700 1# - ADDED ENTRY--PERSONAL NAME
Personal name Michalsen, Andreas.
Personal name Roth, Manfred,
Personal name Dobos, Gustav.
Personal name Aurich, M.
856 40 - ELECTRONIC LOCATION AND ACCESS
Uniform Resource Identifier http://site.ebrary.com/lib/rucke/Doc?id=10586924

No items available.

© 2026 Rongo University
Contact us: librarian | system librarian | Rongo university